ख़बरदार जो व्यंग्य लिखा/ (Record no. 68234)

MARC details
000 -LEADER
fixed length control field 00751nam a22001697a 4500
005 - DATE AND TIME OF LATEST TRANSACTION
control field 20120628133011.0
020 ## - INTERNATIONAL STANDARD BOOK NUMBER
International Standard Book Number 9788176672573
Terms of availability 300.00
082 ## - DEWEY DECIMAL CLASSIFICATION NUMBER
Classification number 827
100 ## - MAIN ENTRY--PERSONAL NAME
Personal name बेदी, गुरमीत
245 ## - TITLE STATEMENT
Title ख़बरदार जो व्यंग्य लिखा/
Statement of responsibility, etc गुरमीत बेदी
260 ## - PUBLICATION, DISTRIBUTION, ETC. (IMPRINT)
Place of publication, distribution, etc दिल्ली
Name of publisher, distributor, etc भावना प्रकाशन
Date of publication, distribution, etc 2011
270 ## - ADDRESS
Address 109-ए, पटपड़गंज
City दिल्ली
Postal code 110091
Telephone number 22756734
300 ## - PHYSICAL DESCRIPTION
Extent 192 पृ.
Dimensions 22 सें.मी. (सजिल्द)
942 ## - ADDED ENTRY ELEMENTS (KOHA)
Source of classification or shelving scheme Dewey Decimal Classification
Item type Hindi Books
Classification part 827
Call number suffix बेदीगु
Holdings
Withdrawn status Lost status Not for loan Home library Current library Date acquired Cost, normal purchase price Full call number Cost, replacement price Koha item type
      Andrews Gunj Andrews Gunj 28/06/2012 300.00 827 बेदीगु 300.00 Hindi Books

© Delhi Public Library
Hit Counter
free hit counter